000 00496cam a22001337a 4500
008 180718b2000 xxu||||| |||| 00| 0 eng d
100 _aTrujillo, Lourdes
245 _aForeacasting the demand for privatized transport: what economic regulators should know, and why
_cby Lourdes Trujillo, Emile Quinet and Antonio Estache
260 _aWashington, D.C.
_bWorld Bank
_c2000
300 _a35p.
440 _aPolicy research working paper 2446
700 _aEstache, Antonio
700 _aQuinet, Emile
999 _c285062
_d285062